000 00440nam a2200181Ia 4500
003 0STCL
008 150530s9999 xx 000 0 und d
040 _aSTCL
_cSTCL
100 _aVarghese C D; Vasudevan P S
245 _aSthreekalum Cancerum
250 _a2
260 _bAmala Cancer Research Centre; Trichur
_c1997
_aTrichur
300 _a0
546 _aMalayalam
942 _2ddc
_cBK
999 _c40180
_d40180
005 20220125170513.0